000 00472cam a2200145 4500500
005 20251228082740.0
041 _afre
042 _adc
100 1 0 _aDurand, Yves
_eauthor
245 0 0 _aRegard sur la théologie politique de Bérulle
260 _c2001.
500 _a24
786 0 _nDix-septième siècle | 213 | 4 | 2001-12-01 | p. 713-720 | 0012-4273
856 4 1 _uhttps://shs.cairn.info/revue-dix-septieme-siecle-2001-4-page-713?lang=fr&redirect-ssocas=7080
999 _c1599684
_d1599684